000
00311nam a22001337a 4500
003
SGT
082
_a
340,ENV
100
_a
ENVIRONMENT LAWS
245
_a
GOVERNING WATER IN INDIA
260
_a
NEW DELHI
_b
GOVERNING WATER IN INDIA
_c
2012
300
_a
67
650
_a
GOVERNING WATER IN INDIA
942
_2
ddc
_c
BK
999
_c
11265
_d
11265